000
00334pab a2200145 454500
008
180718b1991 xxu||||| |||| 00| 0 eng d
100
_a
Umesh Nila
245
_a
Technology and fate of unions
260
_c
1991
300
_a
33-7
362
_a
28 Jan.4 Feb.
650
_a
Labour Unions
773
_a
Indian Worker
909
_a
12282
999
_c
12282
_d
12282